Classical mechanics (Record no. 24072)

MARC details
000 -LEADER
fixed length control field 00620nam a22002417a 4500
003 - CONTROL NUMBER IDENTIFIER
control field OSt
005 - DATE AND TIME OF LATEST TRANSACTION
control field 20251212142308.0
008 - FIXED-LENGTH DATA ELEMENTS--GENERAL INFORMATION
fixed length control field 210225b ||||| |||| 00| 0 eng d
020 ## - INTERNATIONAL STANDARD BOOK NUMBER
International Standard Book Number 9788185015538
082 ## - DEWEY DECIMAL CLASSIFICATION NUMBER
Classification number 531
Item number G57C
100 ## - MAIN ENTRY--PERSONAL NAME
Personal name Goldstein, Herbert
245 ## - TITLE STATEMENT
Title Classical mechanics
Statement of responsibility, etc by Herbert Goldstein
250 ## - EDITION STATEMENT
Edition statement 2nd ed.
260 ## - PUBLICATION, DISTRIBUTION, ETC. (IMPRINT)
Place of publication, distribution, etc New Delhi
Name of publisher, distributor, etc Narosa Publishing
Date of publication, distribution, etc 2018
300 ## - PHYSICAL DESCRIPTION
Extent xviii, 684p.
Other physical details Paperback
546 ## - LANGUAGE NOTE
Language note English
650 ## - SUBJECT ADDED ENTRY--TOPICAL TERM
Topical term or geographic name as entry element Mechanics, Analytic
650 ## - SUBJECT ADDED ENTRY--TOPICAL TERM
Topical term or geographic name as entry element Mathematics
650 ## - SUBJECT ADDED ENTRY--TOPICAL TERM
Topical term or geographic name as entry element Mechanical engineering
650 ## - SUBJECT ADDED ENTRY--TOPICAL TERM
Topical term or geographic name as entry element Physics
650 ## - SUBJECT ADDED ENTRY--TOPICAL TERM
Topical term or geographic name as entry element Engineering
942 ## - ADDED ENTRY ELEMENTS (KOHA)
Source of classification or shelving scheme Dewey Decimal Classification
Koha item type Books
Holdings
Withdrawn status Lost status Source of classification or shelving scheme Damaged status Not for loan Collection code Home library Current library Department Date acquired Source of acquisition Cost, normal purchase price Inventory number(Invoice/Date) Total Checkouts Full call number Barcode Date last seen Date checked out Price effective from Koha item type
    Dewey Decimal Classification     General Text Book Central University Of Rajasthan Central University Of Rajasthan Mathematics 25/02/2021 Indica Publisher 520.00 2020-21/0941/29-01-2021 2 531 G57C 35450 10/03/2022 02/03/2022 25/02/2021 Books
    Dewey Decimal Classification     General Text Book Central University Of Rajasthan Central University Of Rajasthan Mathematics 25/02/2021 Indica Publisher 520.00 2020-21/0941/29-01-2021 2 531 G57C 35451 10/12/2025 26/11/2025 25/02/2021 Books
    Dewey Decimal Classification     General Text Book Central University Of Rajasthan Central University Of Rajasthan Mathematics 25/02/2021 Indica Publisher 520.00 2020-21/0941/29-01-2021 4 531 G57C 35452 27/11/2024 27/11/2024 25/02/2021 Books
    Dewey Decimal Classification     General Text Book Central University Of Rajasthan Central University Of Rajasthan Mathematics 25/02/2021 Indica Publisher 520.00 2020-21/0941/29-01-2021 6 531 G57C 35453 03/11/2023 28/08/2023 25/02/2021 Books
    Dewey Decimal Classification     General Text Book Central University Of Rajasthan Central University Of Rajasthan Mathematics 25/02/2021 Indica Publisher 520.00 2020-21/0941/29-01-2021   531 G57C 35454 25/02/2021   25/02/2021 Books
    Dewey Decimal Classification     General Text Book Central University Of Rajasthan Central University Of Rajasthan Mathematics 25/02/2021 Indica Publisher 520.00 2020-21/0941/29-01-2021 3 531 G57C 35455 22/04/2026 22/04/2026 25/02/2021 Books
    Dewey Decimal Classification     General Text Book Central University Of Rajasthan Central University Of Rajasthan Mathematics 25/02/2021 Indica Publisher 520.00 2020-21/0941/29-01-2021 3 531 G57C 35456 11/09/2023 28/08/2023 25/02/2021 Books
    Dewey Decimal Classification     General Text Book Central University Of Rajasthan Central University Of Rajasthan Mathematics 25/02/2021 Indica Publisher 520.00 2020-21/0941/29-01-2021 2 531 G57C 35457 07/10/2022 22/09/2022 25/02/2021 Books
    Dewey Decimal Classification     General Text Book Central University Of Rajasthan Central University Of Rajasthan Mathematics 25/02/2021 Indica Publisher 520.00 2020-21/0941/29-01-2021   531 G57C 35458 25/02/2021   25/02/2021 Books
    Dewey Decimal Classification     General Text Book Central University Of Rajasthan Central University Of Rajasthan Mathematics 25/02/2021 Indica Publisher 520.00 2020-21/0941/29-01-2021 2 531 G57C 35459 03/04/2023 23/03/2023 25/02/2021 Books